[Event "Ruhrgebiet VK1 0405"]
[Site "Ruhrgebiet"]
[Date "2004.09.12"]
[Round "1.7"]
[White "Jeppel Klose, Ruediger"]
[Black "Schultz, Bernfried"]
[Result "1-0"]
[WhiteElo "1847"]
[BlackElo "1729"]
[PlyCount "73"]
[EventDate "2004.09.12"]
[EventType "team"]
[EventRounds "9"]
[EventCountry "GER"]
[SourceTitle "EXT 2006"]
[Source "ChessBase"]
[SourceDate "2005.11.24"]
[SourceVersion "1"]
[SourceVersionDate "2005.11.24"]
[SourceQuality "1"]
[WhiteTeam "Altenessen II"]
[BlackTeam "Brackel II"]
[WhiteTeamCountry "GER"]
[BlackTeamCountry "GER"]

1. e4 d6 2. d4 Nf6 3. f3 g6 4. Bg5 Bg7 5. Qd2 c6 6. c4 Nbd7 7. a4 c5 8. d5 b6 9. Na3 a6 10. Ne2 h6 11. Be3 Ne5 12. Rb1 h5 13. b4 0-0 14. a5 Bd7 15. axb6 Qxb6 16. bxc5 Qxb1+ 17. Nxb1 Nxc4 18. Qc1 Nxe3 19. Qxe3 dxc5 20. Qxc5 Rfc8 21. Qxe7 Rab8 22. Nbc3 Bb5 23. Nxb5 Rxb5 24. d6 Rb1+ 25. Kf2 Rd1 26. Qc7 Re8 27. Nc3 Nxe4+ 28. Nxe4 Bd4+ 29. Kg3 h4+ 30. Kxh4 Kg7 31. Bc4 Rh8+ 32. Kg4 Rxh1 33. Qxf7+ Kh6 34. Qf4+ Kg7 35. Ng5 R1xh2 36. Ne6+ Kg8 37. Qf8+ 1-0

[Event "Ruhrgebiet VK3 0304"]
[Site "Ruhrgebiet"]
[Date "2003.12.07"]
[Round "4.2"]
[White "Jeppel Klose, Ruediger"]
[Black "Kuerten, Hans Juergen"]
[Result "1-0"]
[WhiteElo "1862"]
[BlackElo "2012"]
[PlyCount "105"]
[EventDate "2003.09.28"]
[EventType "team"]
[EventRounds "9"]
[EventCountry "GER"]
[SourceTitle "EXT 2007"]
[Source "ChessBase"]
[SourceDate "2006.11.23"]
[SourceVersion "1"]
[SourceVersionDate "2006.11.23"]
[SourceQuality "1"]
[WhiteTeam "Altenessen II"]
[BlackTeam "Haltern"]
[WhiteTeamCountry "GER"]
[BlackTeamCountry "GER"]

1. e4 c5 2. Nf3 e6 3. d4 cxd4 4. Nxd4 Nf6 5. Nc3 Nc6 6. Be3 d6 7. Be2 Be7 8. 0-0 0-0 9. f4 a6 10. Qe1 Qc7 11. Qg3 d5 12. Bd3 Nxd4 13. Bxd4 Bc5 14. Bxc5 Qxc5+ 15. Rf2 dxe4 16. Nxe4 Nxe4 17. Bxe4 Qd4 18. Qd3 Qxd3 19. Bxd3 Rd8 20. Rd1 Kf8 21. Rfd2 Ke7 22. Kf2 b5 23. Be4 Rxd2+ 24. Rxd2 Ra7 25. c3 h5 26. h4 Rc7 27. Rd4 Rc5 28. Bf3 g6 29. g3 f6 30. Ke3 e5 31. Rd5 exf4+ 32. Kxf4 Rc4+ 33. Rd4 Rc5 34. Bd5 g5+ 35. Ke4 Bh3 36. Kf3 Bg4+ 37. Ke3 Be6 38. Bxe6 Kxe6 39. a4 Kf5 40. Kf3 g4+ 41. Ke3 Re5+ 42. Kd3 bxa4 43. Rxa4 a5 44. b4 axb4 45. cxb4 Re1 46. b5 Rb1 47. Kc4 Ke5 48. Rb4 Rc1+ 49. Kd3 Rc7 50. b6 Rb7 51. Rb5+ Ke6 52. Ke4 f5+ 53. Kf4 1-0

[Event "Dortmund5"]
[Site "Dortmund"]
[Date "2003.05.24"]
[Round "11"]
[White "Jeppel Klose, Ruediger"]
[Black "Gohla, Ulf"]
[Result "0-1"]
[WhiteElo "1867"]
[BlackElo "1964"]
[PlyCount "66"]
[EventDate "2003.03.28"]
[EventType "tourn"]
[EventRounds "11"]
[EventCountry "GER"]
[SourceTitle "EXT 2007"]
[Source "ChessBase"]
[SourceDate "2006.11.23"]
[SourceVersion "1"]
[SourceVersionDate "2006.11.23"]
[SourceQuality "1"]

1. c4 e5 2. e3 f5 3. h3 Nf6 4. g4 d6 5. g5 Ne4 6. h4 Nc6 7. a3 a5 8. Bg2 Nc5 9. Nc3 Nd3+ 10. Ke2 e4 11. f3 exf3+ 12. Nxf3 Nce5 13. Nxe5 dxe5 14. Qa4+ Bd7 15. Qc2 e4 16. Nxe4 fxe4 17. Bxe4 Bg4+ 18. Kf1 Nc5 19. Bxh7 Be7 20. d4 Qd6 21. Qg6+ Kd7 22. Qxd6+ cxd6 23. dxc5 Rxh7 24. cxd6 Bxg5 25. e4 Rf8+ 26. Kg1 Bxh4 27. Be3 Rfh8 28. Kg2 Bf6 29. Rxh7 Rxh7 30. Kg3 Be6 31. Bf4 g5 32. Bd2 Be5+ 33. Kg2 Rh2+ 0-1

[Event "Dortmund5"]
[Site "Dortmund"]
[Date "2003.05.17"]
[Round "10"]
[White "Grube, Joerg"]
[Black "Jeppel Klose, Ruediger"]
[Result "0-1"]
[WhiteElo "1853"]
[BlackElo "1867"]
[PlyCount "22"]
[EventDate "2003.03.28"]
[EventType "tourn"]
[EventRounds "11"]
[EventCountry "GER"]
[SourceTitle "EXT 2007"]
[Source "ChessBase"]
[SourceDate "2006.11.23"]
[SourceVersion "1"]
[SourceVersionDate "2006.11.23"]
[SourceQuality "1"]

1. e4 c5 2. Nf3 e6 3. d4 cxd4 4. Nxd4 Qb6 5. Nb3 Nf6 6. Nc3 Bb4 7. e5 Nd5 8. Qg4 Nxc3 9. Qxg7 Ne4+ 10. c3 Bxc3+ 11. Kd1 Qd6+ 0-1

[Event "Dortmund5"]
[Site "Dortmund"]
[Date "2003.05.14"]
[Round "9"]
[White "Hartung, Thomas"]
[Black "Jeppel Klose, Ruediger"]
[Result "0-1"]
[WhiteElo "1888"]
[BlackElo "1867"]
[PlyCount "38"]
[EventDate "2003.03.28"]
[EventType "tourn"]
[EventRounds "11"]
[EventCountry "GER"]
[SourceTitle "EXT 2007"]
[Source "ChessBase"]
[SourceDate "2006.11.23"]
[SourceVersion "1"]
[SourceVersionDate "2006.11.23"]
[SourceQuality "1"]

1. e4 d5 2. exd5 Qxd5 3. Nc3 Qa5 4. d4 Bf5 5. Qf3 c6 6. Bc4 e6 7. Bb3 Nf6 8. Bd2 Bb4 9. Nge2 Nbd7 10. 0-0-0 0-0-0 11. h3 h5 12. g3 Nb6 13. Qg2 Qa6 14. f3 Nc4 15. Bf4 Nd5 16. Nxd5 Rxd5 17. g4 Bg6 18. Ng3 hxg4 19. hxg4 Rhd8 0-1

[Event "Dortmund5"]
[Site "Dortmund"]
[Date "2003.04.25"]
[Round "6"]
[White "Jeppel Klose, Ruediger"]
[Black "Naundorf, Maik"]
[Result "0-1"]
[WhiteElo "1867"]
[BlackElo "1977"]
[PlyCount "82"]
[EventDate "2003.03.28"]
[EventType "tourn"]
[EventRounds "11"]
[EventCountry "GER"]
[SourceTitle "EXT 2007"]
[Source "ChessBase"]
[SourceDate "2006.11.23"]
[SourceVersion "1"]
[SourceVersionDate "2006.11.23"]
[SourceQuality "1"]

1. e4 c5 2. Nf3 e6 3. d4 cxd4 4. Nxd4 a6 5. Be2 Nf6 6. Nc3 Qc7 7. 0-0 d6 8. f4 Nbd7 9. f5 e5 10. Nb3 b5 11. Bf3 Bb7 12. a3 h6 13. Qe1 Rc8 14. Be3 Nb6 15. Rd1 Nc4 16. Bc1 Nxa3 17. bxa3 Qxc3 18. Bd2 Qc7 19. Ba5 Qb8 20. Rf2 Be7 21. Re2 0-0 22. g4 Nd7 23. h4 g6 24. Qg3 Kh7 25. Bg2 gxf5 26. exf5 Rg8 27. Bd2 Bxg2 28. Rxg2 Rc4 29. g5 Nf6 30. Qd3 Ne4 31. f6 Bd8 32. Re1 Bb6+ 33. Kh1 Qb7 34. Rg4 d5 35. Re2 Qc6 36. Be1 Rg6 37. h5 Rxg5 38. Rxg5 hxg5 39. Qf3 Qxf6 40. Qxf6 Nxf6 41. Rxe5 Ng4 0-1

[Event "Dortmund5"]
[Site "Dortmund"]
[Date "2003.04.09"]
[Round "3"]
[White "Wesnigk, Karl Heinz"]
[Black "Jeppel Klose, Ruediger"]
[Result "0-1"]
[WhiteElo "1876"]
[BlackElo "1867"]
[PlyCount "96"]
[EventDate "2003.03.28"]
[EventType "tourn"]
[EventRounds "11"]
[EventCountry "GER"]
[SourceTitle "EXT 2007"]
[Source "ChessBase"]
[SourceDate "2006.11.23"]
[SourceVersion "1"]
[SourceVersionDate "2006.11.23"]
[SourceQuality "1"]

1. e4 d5 2. Nf3 dxe4 3. Ng5 Bf5 4. f3 e6 5. d3 exd3 6. Bxd3 Bxd3 7. Qxd3 Qxd3 8. cxd3 Nc6 9. Nc3 h6 10. Nge4 Nb4 11. Ke2 0-0-0 12. Rd1 Ne7 13. Bf4 Ng6 14. Bg3 f5 15. Nd2 Nxd3 16. Rab1 Bb4 17. a3 Bxc3 18. bxc3 f4 19. Be1 Nh4 20. Bxh4 g5 21. Ne4 gxh4 22. Rxd3 Rxd3 23. Kxd3 Rg8 24. Rb2 b6 25. Kd4 h3 26. gxh3 Rg1 27. Ke5 Ra1 28. Kxf4 Rxa3 29. Rg2 Ra5 30. Rg7 Rf5+ 31. Kg3 a5 32. Rg6 a4 33. Rxe6 Kd7 34. Rg6 a3 35. Kf2 Rg5 36. Rxg5 hxg5 37. Nd2 b5 38. Nb3 Ke6 39. Ke3 Ke5 40. Na1 c5 41. Nb3 Kd5 42. Na1 Kc4 43. Kd2 b4 44. cxb4 cxb4 45. Kc2 Kd4 46. Nb3+ Ke3 47. Nd2 a2 48. Kb2 Kxd2 0-1

[Event "Duisburg op 6th"]
[Site "Duisburg"]
[Date "1999.??.??"]
[Round "6"]
[White "Supplieth, Peter"]
[Black "Jeppel Klose, Ruediger"]
[Result "1-0"]
[WhiteElo "2161"]
[BlackElo "1885"]
[PlyCount "25"]
[EventDate "1999.05.21"]
[EventType "swiss"]
[EventRounds "7"]
[EventCountry "GER"]
[SourceTitle "EXT 2004"]
[Source "ChessBase"]
[SourceDate "2003.11.25"]
[SourceVersion "1"]
[SourceVersionDate "2003.11.25"]
[SourceQuality "1"]

1. e4 c5 2. c3 d5 3. exd5 Qxd5 4. d4 Nc6 5. Nf3 Bg4 6. Be2 cxd4 7. cxd4 0-0-0 8. Nc3 Qh5 9. Be3 Nf6 10. Qa4 Nd5 11. 0-0 e6 12. h3 Nb6 13. hxg4 1-0